000 00348nam a2200133Ia 4500
008 240624s9999 xx 000 0 und d
041 _aeng
082 _a658.4 BRE
100 _aBREAKENRIDGE DEIRDRE
245 _aANSWERS FOR MODERN COMMUNICATORS A GUIDE
260 _c2018
_aLondon
_bRoutledge
300 _axi, 221 p.; 23 cm.
365 _cBPS
_b31
999 _c31947
_d31947